[Event "Ogolnopolski Turniej Niepelnosprawnych"]
[Site "Rowy"]
[Date "2011.??.??"]
[Round "8.27"]
[White "Juraszewski, Mieczyslaw"]
[Black "Radwan, Jan"]
[Result "1-0"]
[WhiteElo "1786"]
[BlackElo "1693"]
[PlyCount "23"]
[EventDate "2011.??.??"]

1. d4 d5 2. Nf3 g6 3. c4 Bg7 4. Nc3 dxc4 5. e4 Bg4 6. Bxc4 Bxf3 7. Qxf3 e6 8.
O-O c5 9. Bf4 Nc6 10. Nb5 Kf8 11. Bxe6 a6 12. Bd6+ 1-0

[Event "Ogolnopolski Turniej Niepelnosprawnych"]
[Site "Rowy"]
[Date "2011.??.??"]
[Round "8.30"]
[White "Budnik, Kazimierz"]
[Black "Jagiello, Adolf"]
[Result "1/2-1/2"]
[WhiteElo "1567"]
[BlackElo "1443"]
[PlyCount "34"]
[EventDate "2011.??.??"]

1. e4 e5 2. Nf3 Nc6 3. Bc4 d6 4. d3 h6 5. h3 a6 6. a3 b5 7. Bd5 Bb7 8. b4 Nf6
9. Ba2 Be7 10. O-O g5 11. Nh2 Qd7 12. Nc3 Na7 13. Ne2 Nh5 14. Ng3 Ng7 15. Nh5
Rg8 16. Re1 Ne6 17. Qf3 Rg6 1/2-1/2

[Event "Ogolnopolski Turniej Niepelnosprawnych"]
[Site "Rowy"]
[Date "2011.??.??"]
[Round "8.31"]
[White "Pilecki, Jozef"]
[Black "Przybylak, Gabriela"]
[Result "0-1"]
[WhiteElo "1432"]
[BlackElo "1419"]
[PlyCount "76"]
[EventDate "2011.??.??"]

1. d4 Nf6 2. Nf3 d5 3. h3 e6 4. Bf4 Be7 5. e3 O-O 6. Bd3 g6 7. Nbd2 Nh5 8. Bh2
Ng7 9. c4 c6 10. c5 f6 11. O-O Nd7 12. Rc1 f5 13. Ne5 Bf6 14. Nxd7 Bxd7 15. Bd6
Be7 16. Be5 Nh5 17. Be2 Nf6 18. f3 Nh5 19. Bd3 Ng7 20. e4 f4 21. exd5 exd5 22.
Bxg7 Kxg7 23. Qe2 Bg5 24. Qe5+ Kh6 25. Qe1 Re8 26. Qd1 Bh4 27. Nb3 Re7 28. Rc2
Qf8 29. Re2 Rae8 30. Rxe7 Rxe7 31. Na5 Bc8 32. Qb3 Qf6 33. Qc3 Re3 34. Nb3 Qg5
35. Kh1 Bg3 36. Qc2 Qh4 37. Nc1 Bxh3 38. Ne2 Bxg2+ 0-1

[Event "Ogolnopolski Turniej Niepelnosprawnych"]
[Site "Rowy"]
[Date "2011.??.??"]
[Round "9.2"]
[White "Wojcieszyn, Jacenty"]
[Black "Matuszczyk, Krystian"]
[Result "1-0"]
[WhiteElo "2252"]
[BlackElo "2046"]
[PlyCount "61"]
[EventDate "2011.??.??"]

1. d4 e6 2. c4 c5 3. d5 exd5 4. cxd5 d6 5. Nc3 g6 6. Nf3 Bg7 7. Bf4 a6 8. Qa4+
Bd7 9. Qe4+ Qe7 10. Nd2 Be5 11. Bxe5 Qxe5 12. Nc4 Qxe4 13. Nxd6+ Ke7 14. Ndxe4
b6 15. Nd2 f5 16. a4 Be8 17. g4 Nd7 18. gxf5 gxf5 19. Bg2 Rb8 20. f4 Ngf6 21.
Bh3 Bg6 22. Nc4 Rhe8 23. Ne3 Kf8 24. Nxf5 Rbd8 25. O-O Nb8 26. Rad1 Bh5 27. Ng3
Bg4 28. Bxg4 Nxg4 29. Rf3 Ne3 30. Kf2 Nd7 31. h3 1-0

[Event "Ogolnopolski Turniej Niepelnosprawnych"]
[Site "Rowy"]
[Date "2011.??.??"]
[Round "9.3"]
[White "Kiedrowicz, Jan"]
[Black "Ulrych, Wojciech"]
[Result "1-0"]
[WhiteElo "2301"]
[BlackElo "1968"]
[PlyCount "49"]
[EventDate "2011.??.??"]

1. c4 Nf6 2. b3 e5 3. Bb2 Nc6 4. e3 d5 5. cxd5 Nxd5 6. a3 Be6 7. Bb5 Bd6 8. Nf3
f6 9. Qc2 Nde7 10. Bd3 Qd7 11. Nc3 Na5 12. b4 Bb3 13. Qb1 Nc4 14. Bc1 Nxe3 15.
dxe3 Be6 16. e4 O-O 17. Be3 a5 18. b5 g5 19. h4 g4 20. Nd2 f5 21. exf5 Nxf5 22.
Bxf5 Bxf5 23. Nde4 Qe7 24. Qd1 Rad8 25. Bg5 1-0

[Event "Ogolnopolski Turniej Niepelnosprawnych"]
[Site "Rowy"]
[Date "2011.??.??"]
[Round "9.4"]
[White "Winiarski, Kazimierz"]
[Black "Pioch, Zygmunt"]
[Result "0-1"]
[WhiteElo "1967"]
[BlackElo "2123"]
[PlyCount "92"]
[EventDate "2011.??.??"]

1. e4 e5 2. Nc3 Bc5 3. d3 Nc6 4. Nf3 d6 5. Na4 Nge7 6. Nxc5 dxc5 7. Be3 Qd6 8.
Be2 Be6 9. O-O O-O 10. Ng5 Bd7 11. Bg4 Rad8 12. Bxd7 Rxd7 13. Qh5 h6 14. Nf3
Ng6 15. Qg4 Rfd8 16. g3 Nd4 17. Nxd4 cxd4 18. Bd2 Qc6 19. Rac1 Rd6 20. h4 Nf8
21. h5 Qd7 22. Qxd7 Nxd7 23. g4 f6 24. Kg2 Ra6 25. a3 c5 26. f4 b5 27. Kg3
exf4+ 28. Bxf4 c4 29. Rfd1 Ne5 30. Bxe5 fxe5 31. c3 dxc3 32. Rxc3 Rad6 33. Kf3
cxd3 34. Rd2 Rf8+ 35. Ke3 Rf4 36. Rcxd3 Rxd3+ 37. Rxd3 Rxg4 38. Rd5 Rg3+ 39.
Kd2 Rg5 40. Rxb5 Rxh5 41. Ra5 g5 42. Rxa7 g4 43. Rc7 Rh2+ 44. Kd1 g3 45. Rc3 g2
46. Rg3+ Kf7 0-1

[Event "Ogolnopolski Turniej Niepelnosprawnych"]
[Site "Rowy"]
[Date "2011.??.??"]
[Round "9.5"]
[White "Koper, Ireneusz"]
[Black "Solek, Zenon"]
[Result "1/2-1/2"]
[WhiteElo "2030"]
[BlackElo "1883"]
[PlyCount "49"]
[EventDate "2011.??.??"]

1. e4 c5 2. Nc3 Nc6 3. g3 g6 4. Bg2 Bg7 5. Nge2 Rb8 6. d3 b5 7. O-O b4 8. Nd5
e6 9. Ne3 Nge7 10. f4 Nd4 11. Nxd4 cxd4 12. Nc4 d5 13. Nd2 O-O 14. Nb3 a5 15.
a4 dxe4 16. dxe4 Qb6 17. Rf2 Rd8 18. Bf1 Bb7 19. Bd3 Rbc8 20. Nd2 Ba6 21. Qf1
Bb7 22. Nc4 Qc5 23. b3 Ba6 24. Bb2 Bxc4 25. Bxc4 1/2-1/2

[Event "Ogolnopolski Turniej Niepelnosprawnych"]
[Site "Rowy"]
[Date "2011.??.??"]
[Round "9.6"]
[White "Szczepaniec, Stanislaw"]
[Black "Dembowski, Andrzej"]
[Result "1/2-1/2"]
[WhiteElo "2075"]
[BlackElo "1942"]
[PlyCount "67"]
[EventDate "2011.??.??"]

1. c4 Nf6 2. Nc3 g6 3. e4 d6 4. d4 Bg7 5. Be2 c5 6. Nf3 cxd4 7. Nxd4 O-O 8. O-O
Nbd7 9. Be3 Re8 10. f4 Nc5 11. Bf3 a6 12. g4 e5 13. g5 exd4 14. gxf6 Qxf6 15.
Nd5 Qd8 16. Bxd4 Nxe4 17. Bxg7 Kxg7 18. Qd4+ Nf6 19. b3 Rb8 20. Rad1 Re6 21.
Bg4 Re8 22. Bxc8 Rxc8 23. Rfe1 Re6 24. f5 gxf5 25. Kf2 Kf8 26. Kf3 Nxd5 27.
Rxe6 fxe6 28. Qh8+ Kf7 29. Qxh7+ Kf6 30. Qh6+ Kf7 31. cxd5 Qf6 32. dxe6+ Qxe6
33. Qh5+ Kf6 34. Qh4+ 1/2-1/2

[Event "Ogolnopolski Turniej Niepelnosprawnych"]
[Site "Rowy"]
[Date "2011.??.??"]
[Round "9.7"]
[White "Wroblewski, Mieczyslaw"]
[Black "Wojcieszyn, Zdzislaw"]
[Result "0-1"]
[WhiteElo "1791"]
[BlackElo "2020"]
[PlyCount "90"]
[EventDate "2011.??.??"]

1. e4 c5 2. Nf3 Nc6 3. d4 cxd4 4. Nxd4 Nf6 5. Nc3 e6 6. Ndb5 Bb4 7. Nd6+ Ke7 8.
Nxc8+ Rxc8 9. Bd3 d5 10. Bg5 d4 11. a3 dxc3 12. axb4 cxb2 13. Rb1 Qd4 14. b5
Ne5 15. O-O Nxd3 16. Qxd3 Qc5 17. Bxf6+ gxf6 18. Rxb2 Rhd8 19. Qf3 Rd2 20. e5
Qxe5 21. Ra2 Qxb5 22. Rxa7 Rd7 23. Qe4 h5 24. h3 Rc4 25. Qh7 Rc8 26. Rfa1 Rd2
27. Qe4 Rd7 28. Ra8 Rdc7 29. R8a5 Qb2 30. Ra7 Kf8 31. Rd1 f5 32. Qf3 Qb6 33.
Rda1 h4 34. Qh5 Qd4 35. R1a4 Qb6 36. Qh8+ Ke7 37. Qxh4+ Ke8 38. Qh8+ Kd7 39.
Qf6 Ke8 40. Qh8+ Ke7 41. Qd4 Qxd4 42. Rxd4 Kf6 43. Rb4 b5 44. Rxc7 Rxc7 45.
Rxb5 Rxc2 0-1

[Event "Ogolnopolski Turniej Niepelnosprawnych"]
[Site "Rowy"]
[Date "2011.??.??"]
[Round "9.8"]
[White "Cylwik, Zbigniew"]
[Black "Staruch, Roman"]
[Result "1-0"]
[WhiteElo "1986"]
[BlackElo "1957"]
[PlyCount "51"]
[EventDate "2011.??.??"]

1. d4 Nf6 2. c4 e6 3. Nc3 d5 4. Bg5 Be7 5. e3 O-O 6. Nf3 h6 7. Bh4 Ne4 8. Bxe7
Qxe7 9. Qc2 c5 10. Nxe4 dxe4 11. Qxe4 cxd4 12. Qxd4 Nc6 13. Qc3 e5 14. Be2 Bg4
15. h3 Bxf3 16. Bxf3 Rad8 17. O-O Rd6 18. Rad1 Rg6 19. Rd5 f5 20. Kh2 Nb4 21.
Rb5 Nc6 22. g3 a6 23. Rd5 Nb4 24. Rxe5 Qc7 25. a3 Nc6 26. Rd5 1-0

[Event "Ogolnopolski Turniej Niepelnosprawnych"]
[Site "Rowy"]
[Date "2011.??.??"]
[Round "9.9"]
[White "Rogalski, Krzysztof"]
[Black "Krasowski, Slawomir"]
[Result "1-0"]
[WhiteElo "1846"]
[BlackElo "2013"]
[PlyCount "61"]
[EventDate "2011.??.??"]

1. d4 e6 2. c4 f5 3. Nf3 Nf6 4. g3 d6 5. Bg2 Be7 6. Nc3 O-O 7. O-O Qe8 8. Qd3
Nc6 9. e4 fxe4 10. Nxe4 Nxe4 11. Qxe4 Qf7 12. Bg5 Qf5 13. Qxf5 Rxf5 14. Bxe7
Nxe7 15. Rfe1 Rf6 16. Rad1 h6 17. Nd2 Rb8 18. f4 Rf7 19. Ne4 Nf5 20. Nc3 c6 21.
b4 d5 22. b5 Nd6 23. cxd5 exd5 24. Re5 Bd7 25. Rde1 Kf8 26. a4 Nc4 27. R5e2 Bg4
28. Rc2 Re8 29. Rxe8+ Kxe8 30. Nxd5 cxd5 31. Bxd5 1-0

[Event "Ogolnopolski Turniej Niepelnosprawnych"]
[Site "Rowy"]
[Date "2011.??.??"]
[Round "9.11"]
[White "Czech, Mieczyslaw"]
[Black "Salamon, Jan"]
[Result "0-1"]
[WhiteElo "1967"]
[BlackElo "1823"]
[PlyCount "56"]
[EventDate "2011.??.??"]

1. d4 d5 2. Nf3 e6 3. a3 c5 4. e3 a6 5. Nc3 Nf6 6. Be2 Be7 7. O-O O-O 8. Re1
Nbd7 9. Bf1 b5 10. e4 dxe4 11. Nxe4 Bb7 12. Nxf6+ Nxf6 13. c3 Bxf3 14. Qxf3
cxd4 15. c4 bxc4 16. Bxc4 a5 17. Bf4 Rc8 18. Bd3 Bd6 19. Bg5 Be7 20. Bf4 Qd5
21. Qh3 Qh5 22. Qg3 Qg4 23. Qxg4 Nxg4 24. h3 Nf6 25. Be5 Rfd8 26. Rad1 g6 27.
Re2 Nh5 28. g4 Ng7 0-1

[Event "Ogolnopolski Turniej Niepelnosprawnych"]
[Site "Rowy"]
[Date "2011.??.??"]
[Round "9.12"]
[White "Prokopczuk, Antoni"]
[Black "Krawcewicz, Lucyna"]
[Result "0-1"]
[WhiteElo "1753"]
[BlackElo "1963"]
[PlyCount "66"]
[EventDate "2011.??.??"]

1. Nf3 d5 2. d4 Nf6 3. c4 e6 4. cxd5 exd5 5. Nc3 c6 6. g3 Be7 7. Bg2 O-O 8. O-O
h6 9. Bf4 Nbd7 10. Re1 Re8 11. a3 Nb6 12. Nd2 Bg4 13. f3 Bh5 14. g4 Bg6 15. Bg3
Bd6 16. Bxd6 Qxd6 17. e4 dxe4 18. Ndxe4 Nxe4 19. fxe4 Rad8 20. d5 Qf4 21. Qf3
Qe5 22. Qf2 Nc4 23. Rad1 Qb8 24. Bf1 Ne5 25. h3 b6 26. dxc6 Nxc6 27. Bg2 Ne5
28. Rxd8 Rxd8 29. Nd5 Nd3 30. Ne7+ Kh8 31. Nxg6+ fxg6 32. Qe2 Nxe1 33. Qxe1 Qe5
0-1

[Event "Ogolnopolski Turniej Niepelnosprawnych"]
[Site "Rowy"]
[Date "2011.??.??"]
[Round "9.13"]
[White "Tuszynski, Edmund"]
[Black "Borkowski, Jozef"]
[Result "1-0"]
[WhiteElo "1947"]
[BlackElo "1740"]
[PlyCount "49"]
[EventDate "2011.??.??"]

1. e4 e5 2. Nf3 Nf6 3. Nc3 Nc6 4. a3 h6 5. Bc4 d6 6. h3 a6 7. d3 b5 8. Ba2 Be6
9. O-O Bxa2 10. Rxa2 Be7 11. Nh2 O-O 12. f4 exf4 13. Bxf4 Qd7 14. Ra1 Nd4 15.
Ne2 Ne6 16. Be3 c5 17. Ng3 Rac8 18. Nf5 Nd8 19. Ng4 Kh7 20. c3 Nxg4 21. Qxg4
Bg5 22. Rae1 Bxe3+ 23. Rxe3 Rg8 24. Nxh6 gxh6 25. Qxd7 1-0

[Event "Ogolnopolski Turniej Niepelnosprawnych"]
[Site "Rowy"]
[Date "2011.??.??"]
[Round "9.14"]
[White "Pipala, Janusz"]
[Black "Zatylny, Jan"]
[Result "1-0"]
[WhiteElo "1935"]
[BlackElo "1696"]
[PlyCount "43"]
[EventDate "2011.??.??"]

1. Nf3 c6 2. b3 d6 3. d4 Bf5 4. e3 e6 5. Nbd2 Nf6 6. Be2 Be7 7. Nh4 Bg6 8. Nxg6
hxg6 9. e4 O-O 10. O-O Ne8 11. Bg4 Nc7 12. Bb2 Bf6 13. Qe2 Qe8 14. e5 Be7 15.
exd6 Bxd6 16. Rae1 Kh8 17. Nc4 Qd8 18. Bxe6 Re8 19. Qg4 Bf8 20. Bxf7 Re7 21.
Ne5 Qd6 22. Nxg6+ 1-0

[Event "Ogolnopolski Turniej Niepelnosprawnych"]
[Site "Rowy"]
[Date "2011.??.??"]
[Round "9.15"]
[White "Najdzionek, Boleslaw"]
[Black "Zinczuk, Leon"]
[Result "0-1"]
[WhiteElo "1871"]
[BlackElo "1890"]
[PlyCount "94"]
[EventDate "2011.??.??"]

1. d4 Nf6 2. c4 e6 3. Nf3 b6 4. e3 Bb7 5. Be2 Be7 6. Nc3 O-O 7. O-O d5 8. b3
Nbd7 9. Bb2 Re8 10. Rc1 Rc8 11. cxd5 exd5 12. Bd3 Bf8 13. Ne2 Ne4 14. Ne5 Nxe5
15. dxe5 Nc5 16. Bb1 g6 17. f4 Bg7 18. Nd4 c6 19. Nf3 Nd7 20. Re1 c5 21. Qe2 f6
22. exf6 Bxf6 23. Bxf6 Qxf6 24. Qf2 Re7 25. Qg3 Rce8 26. f5 Nf8 27. fxg6 Nxg6
28. Nd2 Qe5 29. Bxg6 hxg6 30. Qxe5 Rxe5 31. Kf2 Rf5+ 32. Kg1 g5 33. h3 a5 34.
Nf1 Rfe5 35. Kf2 Ba6 36. Ng3 Bd3 37. Rcd1 c4 38. bxc4 dxc4 39. Rc1 b5 40. e4
Bxe4 41. Nxe4 Rxe4 42. Rxe4 Rxe4 43. Rd1 c3 44. Rc1 b4 45. Kf3 Rd4 46. Ke3 Rd2
47. a3 Rxg2 0-1

[Event "Ogolnopolski Turniej Niepelnosprawnych"]
[Site "Rowy"]
[Date "2011.??.??"]
[Round "9.16"]
[White "Szydlowski, Wiktor"]
[Black "Wodas, Pawel"]
[Result "0-1"]
[WhiteElo "1814"]
[BlackElo "1955"]
[PlyCount "74"]
[EventDate "2011.??.??"]

1. e4 c5 2. Nf3 e6 3. g3 Nc6 4. Bg2 g6 5. O-O Bg7 6. d3 Nge7 7. Nc3 b6 8. a3
Rb8 9. Rb1 O-O 10. Bf4 d6 11. Qd2 a6 12. h3 Rb7 13. Rfe1 Rd7 14. Nh2 b5 15. Bh6
f6 16. Ng4 Nd4 17. Ne2 Nec6 18. c3 Nxe2+ 19. Rxe2 Ne5 20. Bxg7 Kxg7 21. Ne3 g5
22. d4 Ng6 23. d5 e5 24. Rf1 Rdf7 25. g4 Nf4 26. Ree1 Rh8 27. Nf5+ Kg6 28. Qe3
h5 29. f3 Rfh7 30. Ng3 hxg4 31. hxg4 Rh2 32. Rf2 Qf8 33. Nh5 Nxh5 34. Kxh2 Nf4+
35. Kg3 Qh6 36. Rh1 Qxh1 37. Bxh1 Rh3# 0-1

[Event "Ogolnopolski Turniej Niepelnosprawnych"]
[Site "Rowy"]
[Date "2011.??.??"]
[Round "9.17"]
[White "Olszewski, Jerzy"]
[Black "Janocha, Jan"]
[Result "1/2-1/2"]
[WhiteElo "1885"]
[BlackElo "1781"]
[PlyCount "41"]
[EventDate "2011.??.??"]

1. e4 e6 2. g3 d5 3. exd5 exd5 4. Bg2 Nf6 5. Nf3 Bd6 6. O-O O-O 7. d3 c6 8. Bg5
Bf5 9. h3 h6 10. Bd2 Nbd7 11. Nc3 Qc7 12. Ne2 Rae8 13. Bf4 Ne5 14. Nxe5 Bxe5
15. Bxe5 Qxe5 16. Nc3 d4 17. Nb1 Re7 18. Nd2 Qe2 19. Nc4 Qxd1 20. Rfxd1 Rfe8
21. Kf1 1/2-1/2

[Event "Ogolnopolski Turniej Niepelnosprawnych"]
[Site "Rowy"]
[Date "2011.??.??"]
[Round "9.18"]
[White "Strojek, Kazimierz"]
[Black "Niecko, Stanislaw"]
[Result "1-0"]
[WhiteElo "1775"]
[BlackElo "1856"]
[PlyCount "59"]
[EventDate "2011.??.??"]

1. e4 c5 2. Nc3 Nc6 3. g3 g6 4. Bg2 Bg7 5. d3 e6 6. Be3 d6 7. Qd2 Nge7 8. Bh6
O-O 9. h4 f6 10. O-O-O Rb8 11. Bxg7 Kxg7 12. Nf3 b5 13. d4 b4 14. Ne2 Qa5 15.
Kb1 c4 16. b3 Ba6 17. a4 bxa3 18. Qxa5 Nxa5 19. b4 Rxb4+ 20. Ka2 Rb2+ 21. Kxa3
Rxc2 22. Rd2 Rxd2 23. Nxd2 Rb8 24. Rb1 Rxb1 25. Nxb1 d5 26. Nf4 Kf7 27. exd5
Nxd5 28. Nxd5 Bb7 29. Ne3 Bxg2 30. Nxg2 1-0

[Event "Ogolnopolski Turniej Niepelnosprawnych"]
[Site "Rowy"]
[Date "2011.??.??"]
[Round "9.19"]
[White "Wojtowicz, Mieczyslaw"]
[Black "Czech, Jan"]
[Result "1/2-1/2"]
[WhiteElo "1737"]
[BlackElo "1851"]
[PlyCount "79"]
[EventDate "2011.??.??"]

1. e4 e5 2. Nf3 Nc6 3. c3 d6 4. Be2 Nf6 5. d3 h6 6. O-O Be7 7. h3 O-O 8. Nbd2
Be6 9. Re1 Nh7 10. Nf1 a6 11. Ng3 b5 12. a3 d5 13. exd5 Bxd5 14. Nf5 Bc5 15.
Be3 Bxe3 16. Nxe3 Be6 17. Qc2 f6 18. Rad1 Na5 19. Nd2 c5 20. c4 Rc8 21. Bf3 Ng5
22. Bd5 Kh8 23. h4 Bxd5 24. Nxd5 Ne6 25. Nf3 Nd4 26. Nxd4 cxd4 27. Nb4 Qb6 28.
b3 Nb7 29. Qa2 Qe6 30. Qe2 Nc5 31. Rb1 Qf5 32. Red1 Rfe8 33. g4 Qd7 34. Nd5 Qd6
35. Qf3 Red8 36. Nb4 a5 37. Na2 a4 38. b4 Nb3 39. Nc1 Nxc1 40. Rbxc1 1/2-1/2

[Event "Ogolnopolski Turniej Niepelnosprawnych"]
[Site "Rowy"]
[Date "2011.??.??"]
[Round "9.20"]
[White "Jackowski, Ryszard"]
[Black "Zawada, Andrzej"]
[Result "1/2-1/2"]
[WhiteElo "1820"]
[BlackElo "1714"]
[PlyCount "60"]
[EventDate "2011.??.??"]

1. e4 c5 2. Nc3 e6 3. g3 Nc6 4. Bg2 Nf6 5. Nge2 Be7 6. O-O O-O 7. d4 cxd4 8.
Nxd4 d6 9. a3 a6 10. Be3 Bd7 11. Qd2 Qc7 12. Rac1 Ne5 13. b3 Rac8 14. Nce2 Neg4
15. Bg5 h6 16. Bxf6 Nxf6 17. c4 e5 18. Nf5 Bxf5 19. exf5 Nd7 20. Nc3 Bg5 21. f4
exf4 22. gxf4 Bh4 23. Nd5 Qc5+ 24. Kh1 Qxa3 25. b4 Bf6 26. Rf3 Qa4 27. Rd3 Rce8
28. Nc7 Rc8 29. Nd5 Rce8 30. Nc7 Rc8 1/2-1/2

[Event "Ogolnopolski Turniej Niepelnosprawnych"]
[Site "Rowy"]
[Date "2011.??.??"]
[Round "9.21"]
[White "Grobelna, Ewa"]
[Black "Czymbor, Ryszard"]
[Result "0-1"]
[WhiteElo "1586"]
[BlackElo "1836"]
[PlyCount "30"]
[EventDate "2011.??.??"]

1. d4 Nf6 2. f3 d5 3. e3 c5 4. Ne2 Nc6 5. c3 e5 6. dxe5 Nxe5 7. Nf4 b6 8. Be2
Bb7 9. O-O Bd6 10. Nd2 O-O 11. Nb3 Re8 12. Kh1 Bc7 13. Bd2 Qd6 14. Be1 Ng6 15.
Nxg6 Qxh2# 0-1

[Event "Ogolnopolski Turniej Niepelnosprawnych"]
[Site "Rowy"]
[Date "2011.??.??"]
[Round "9.22"]
[White "Grabarczyk, Edmund"]
[Black "Juraszewski, Mieczyslaw"]
[Result "1-0"]
[WhiteElo "1539"]
[BlackElo "1786"]
[PlyCount "75"]
[EventDate "2011.??.??"]

1. d4 d5 2. c4 c6 3. Nc3 Nf6 4. Bg5 e6 5. e4 dxe4 6. Nxe4 Be7 7. Nxf6+ Bxf6 8.
Bxf6 Qxf6 9. Nf3 Nd7 10. Bd3 Qe7 11. O-O O-O 12. h4 Nf6 13. Bc2 Rd8 14. Re1 Qc7
15. Qd3 g6 16. b4 b6 17. a4 c5 18. bxc5 Bb7 19. cxb6 Qxb6 20. Rab1 Qc7 21. c5
Rd7 22. Ne5 Rd5 23. Bb3 Rdd8 24. Nxf7 Kxf7 25. Rxe6 Bd5 26. Rxf6+ Kxf6 27. Bxd5
Rxd5 28. Qf3+ Rf5 29. Qxa8 Qf4 30. Qc6+ Kg7 31. Qb7+ Kh6 32. Qb2 Qxh4 33. Qd2+
Kg7 34. Qe3 Rf7 35. c6 Qg4 36. c7 Qf5 37. Rb7 h5 38. Qe5+ 1-0

[Event "Ogolnopolski Turniej Niepelnosprawnych"]
[Site "Rowy"]
[Date "2011.??.??"]
[Round "9.23"]
[White "Ben, Jaroslaw"]
[Black "Opolski, Wojciech"]
[Result "1/2-1/2"]
[WhiteElo "1719"]
[BlackElo "1713"]
[PlyCount "59"]
[EventDate "2011.??.??"]

1. d4 d5 2. Nf3 Nc6 3. Bf4 Bf5 4. e3 e6 5. Bd3 Nf6 6. Ne5 Bd6 7. Nxc6 bxc6 8.
Bxd6 cxd6 9. Bxf5 exf5 10. O-O O-O 11. Nd2 Ne4 12. f3 Nf6 13. c4 Re8 14. Re1
Rb8 15. b3 Re6 16. cxd5 Nxd5 17. e4 fxe4 18. fxe4 Nf6 19. e5 dxe5 20. dxe5 Qd4+
21. Kh1 Rxe5 22. Rxe5 Qxe5 23. Nf3 Qd5 24. Qe2 Ne4 25. Re1 f5 26. Kg1 Re8 27.
Rd1 Qb5 28. Nd4 Qb6 29. Qe3 h6 30. Nxf5 1/2-1/2

[Event "Ogolnopolski Turniej Niepelnosprawnych"]
[Site "Rowy"]
[Date "2011.??.??"]
[Round "9.25"]
[White "Kocik, Genowefa"]
[Black "Niezgoda, Boleslaw"]
[Result "0-1"]
[WhiteElo "1513"]
[BlackElo "1735"]
[PlyCount "44"]
[EventDate "2011.??.??"]

1. e4 d5 2. e5 c5 3. c3 Nc6 4. Bb5 g6 5. Bxc6+ bxc6 6. h3 Bg7 7. Nf3 Qb6 8. O-O
e6 9. Qb3 Qc7 10. d4 Rb8 11. Qc2 Ne7 12. Bf4 c4 13. Bg3 a5 14. a4 O-O 15. Nbd2
Ba6 16. Rfe1 c5 17. Qc1 Nf5 18. Bf4 Rb6 19. Rb1 Rfb8 20. Nf1 cxd4 21. cxd4 Qb7
22. Re2 c3 0-1

[Event "Ogolnopolski Turniej Niepelnosprawnych"]
[Site "Rowy"]
[Date "2011.??.??"]
[Round "9.27"]
[White "Jonczyk, Jan"]
[Black "Ostrowski, Michal"]
[Result "1-0"]
[WhiteElo "1696"]
[BlackElo "1421"]
[PlyCount "43"]
[EventDate "2011.??.??"]

1. d4 Nf6 2. c4 c5 3. d5 b5 4. cxb5 a6 5. Nc3 Qa5 6. e4 Nxe4 7. Bd2 Nxd2 8.
Qxd2 g6 9. Bd3 Bg7 10. Nge2 Bb7 11. O-O O-O 12. a4 d6 13. b3 Nd7 14. Rac1 Qc7
15. bxa6 Bxc3 16. Nxc3 Bc8 17. Nb5 Qd8 18. Nc3 Qa5 19. Qe2 Ne5 20. Bb5 e6 21.
f4 Bxa6 22. fxe5 1-0

[Event "Ogolnopolski Turniej Niepelnosprawnych"]
[Site "Rowy"]
[Date "2011.??.??"]
[Round "9.29"]
[White "Radwan, Jan"]
[Black "Panczuk, Boleslaw"]
[Result "1-0"]
[WhiteElo "1693"]
[BlackElo "1482"]
[PlyCount "37"]
[EventDate "2011.??.??"]

1. e4 c5 2. Bc4 e6 3. Nc3 a6 4. a4 d6 5. Nf3 Nf6 6. d4 cxd4 7. Qxd4 Nc6 8. Qd1
Be7 9. O-O O-O 10. Re1 Bd7 11. h3 Rc8 12. Bf1 Na5 13. Qd3 Re8 14. Bd2 Nc6 15.
Ne2 Qc7 16. b3 a5 17. c3 b5 18. axb5 Qb6 19. bxc6 1-0

[Event "Ogolnopolski Turniej Niepelnosprawnych"]
[Site "Rowy"]
[Date "2011.??.??"]
[Round "9.32"]
[White "Pilecki, Jozef"]
[Black "Lenart, Franciszek"]
[Result "1-0"]
[WhiteElo "1432"]
[BlackElo "1601"]
[PlyCount "39"]
[EventDate "2011.??.??"]

1. e4 e5 2. Nf3 d6 3. Bc4 Be7 4. d4 Nf6 5. Bg5 O-O 6. Nc3 Nc6 7. a3 exd4 8.
Nxd4 h6 9. Bh4 Bg4 10. f3 Bh5 11. Qd2 Nxd4 12. Qxd4 c5 13. Qd2 a6 14. g4 Bg6
15. O-O-O Nd7 16. Bxe7 Qxe7 17. Ba2 Ne5 18. f4 Nxg4 19. Rhg1 Nf6 20. Rxg6 1-0